| 000 | 01390cad a22002415a 4500 | ||
|---|---|---|---|
| 001 | L144519 | ||
| 008 | 080725e20080319xxk v 000 0 eng d | ||
| 035 | _a(Sirsi) u144519 | ||
| 041 | 0 | _aeng | |
| 245 | 0 | 0 |
_aGrosvenor Estate Belgravia v Adams _h[electronic resource] |
| 260 | _c2008 | ||
| 520 | _a[2008] EWLands LRA_131_2007 19 March 2008. Case involved whether a Leasehold Valuation Tribunal had the right to extend the period for applying for permission to appeal a decision. Respondent's application fails: referring to Arrowdell v Coniston Court (North) Hove Ltd, the Tribunal found that the LVT does have the right to extend the period for appeals, but that a party who has asked for an extension after the period has elapsed has no right to have its application determined. | ||
| 590 | _aKA | ||
| 650 | 2 | 4 | _aGROSVENOR ESTATE BELGRAVIA V ADAMS |
| 650 | 2 | 4 | _aCOMMONHOLD AND LEASEHOLD REFORM ACT 2002 S175 |
| 650 | 2 | 4 | _aARROWDELL V CONISTON COURT (NORTH) HOVE LTD |
| 650 | 2 | 4 | _aLEASEHOLD REFORM, HOUSING AND URBAN DEVELOPMENT ACT 1993 |
| 650 | 2 | 4 | _aLEASEHOLD VALUATION TRIBUNALS (PROCEDURE) (ENGLAND) REGULATIONS 2003 |
| 651 | 4 |
_aEngland and Wales _y1543- |
|
| 690 | _aPROPERTY-LANDLORD AND TENANT-TENANCIES-TENANCY RENT REVIEW | ||
| 856 | 4 | 0 |
_uhttps://www.landstribunal.gov.uk/Aspx/view.aspx?id=506 _zView the case free of charge at www.landstribunal.gov.uk... |
| 942 | _n0 | ||
| 999 |
_c80505 _d80505 |
||